| 000 | nam a22 a 4500 | ||
|---|---|---|---|
| 999 |
_c4402 _d4402 |
||
| 003 | AKMAL | ||
| 005 | 20170529162726.0 | ||
| 008 | 170529s1995 my | g l 000 0 eng d | ||
| 020 |
_a9678907186 (pbk.) : _cRM15.00 |
||
| 040 | _cAKMAL | ||
| 082 | 0 | 4 |
_a344.5950533 EXP _222 |
| 090 | 0 | 0 |
_a344.5950533 _bEXP |
| 110 | 1 |
_aMalaysia _9400 |
|
| 245 | 1 | 0 |
_aExplosives Act 1957 (Act 207) & Explosive Rules 1923 and Corrosive And Explosive Substances and Offensive Weapons Ordinance 1958 (Act 357) : _b(as at 31st October 1995) / _ccompiled Legal Research Board |
| 246 | 3 | _aCorrosive And Explosive Substances and Offensive Weapons Ordinance 1958 (Act 357) | |
| 260 |
_aKuala Lumpur : _bInternational Law Book Services, _c1995 |
||
| 300 |
_aii, 78p. ; _c24cm. |
||
| 490 | 1 | _aLaws of Malaysia | |
| 650 | 1 | 0 |
_aExplosives _xLaw and legislation _zMalaysia _98570 |
| 710 | 2 |
_aLegal Research Board _93922 |
|
| 830 | 0 |
_aLaws of Malaysia _91830 |
|
| 942 |
_2ddc _cBOOK |
||